000 00888nam a22002057a 4500
005 20240530110535.0
008 160330s2011 su g 000 0 ara d
040 _aEG-CaGPL
082 0 4 _221
_a953.091\
_bص أ
100 0 _aصالح حسن المسلوت .
245 1 0 _aاضواء على تاريخ القوى السياسية فى شبه الجزيرة العربية و جوارها الاقليمى /
_cصالح حسن المسلوت .
250 _aط1.
260 _aالدمام :
_bمكتبة المتنبى ،
_c2011 .
300 _a171 ص ؛
_c24 سم .
504 _aيشتمل على ارجاعات ببليوجرافية .
651 0 4 _aشبه الجزيرة العربية
_xتاريخ
_yالعصر الحديث .
651 0 4 _aشبه الجزيرة العربية
_xعلاقات خارجية .
942 _2ddc
_cBK
999 _c62179
_d62179